[Event "DVM U20 2020"]
[Site "Willingen GER"]
[Date "2021.06.25"]
[Round "3"]
[White "Schneider, Jana"]
[Black "Vuckovic, Zarko"]
[Result "1/2-1/2"]
[Termination "normal"]
[Board "2.1"]
[WhiteTitle "FM"]
[WhiteElo "2321"]
[BlackElo "2241"]
[WhiteClock "00:14:31"]
[BlackClock "00:16:57"]
[WhiteTeam "SC Bavaria Regensburg von 1881 e.V."]
[BlackTeam "Schachfreunde Augsburg"]
[PlyCount "70"]
[WhiteFideId "12924997"]
[BlackFideId "12952087"]
[EventCountry "GER"]
[EventRounds "7"]
[EventType "team-swiss"]
[EventDate "2021.06.23"]

1. e4 {[%clk 01:30:56]} {[%emt 00:00:03]} c5 {[%clk 01:30:57]} {[%emt
00:00:05]} 2. Nf3 {[%clk 01:31:20]} {[%emt 00:00:06]} Nc6 {[%clk 01:31:23]}
{[%emt 00:00:03]} 3. d4 {[%clk 01:31:41]} {[%emt 00:00:09]} cxd4 {[%clk
01:31:51]} {[%emt 00:00:02]} 4. Nxd4 {[%clk 01:32:03]} {[%emt 00:00:08]} Nf6
{[%clk 01:32:16]} {[%emt 00:00:06]} 5. Nc3 {[%clk 01:32:21]} {[%emt 00:00:10]}
e6 {[%clk 01:32:43]} {[%emt 00:00:04]} 6. Ndb5 {[%clk 01:32:27]} {[%emt
00:00:25]} Bb4 {[%clk 01:33:06]} {[%emt 00:00:07]} 7. a3 {[%clk 01:32:46]}
{[%emt 00:00:10]} Bxc3+ {[%clk 01:33:32]} {[%emt 00:00:05]} 8. Nxc3 {[%clk
01:33:09]} {[%emt 00:00:06]} d5 {[%clk 01:33:59]} {[%emt 00:00:04]} 9. exd5
{[%clk 01:33:24]} {[%emt 00:00:14]} exd5 {[%clk 01:34:25]} {[%emt 00:00:05]}
10. Bd3 {[%clk 01:33:30]} {[%emt 00:00:23]} O-O {[%clk 01:34:50]} {[%emt
00:00:06]} 11. O-O {[%clk 01:33:50]} {[%emt 00:00:09]} d4 {[%clk 01:35:16]}
{[%emt 00:00:04]} 12. Ne2 {[%clk 01:34:10]} {[%emt 00:00:11]} Bg4 {[%clk
01:35:42]} {[%emt 00:00:04]} 13. Bg5 {[%clk 01:32:07]} {[%emt 00:02:33]} Qd6
{[%clk 01:34:11]} {[%emt 00:02:01]} 14. Re1 {[%clk 01:30:41]} {[%emt 00:01:56]}
Rfe8 {[%clk 01:22:05]} {[%emt 00:12:36]} 15. Qd2 {[%clk 01:30:46]} {[%emt
00:00:25]} Bh5 {[%clk 01:17:06]} {[%emt 00:05:29]} 16. Qf4 {[%clk 01:24:54]}
{[%emt 00:06:20]} Rad8 {[%clk 01:05:50]} {[%emt 00:11:47]} 17. Qxd6 {[%clk
01:17:25]} {[%emt 00:07:59]} Rxd6 {[%clk 01:05:43]} {[%emt 00:00:37]} 18. Nf4
{[%clk 01:13:31]} {[%emt 00:04:24]} Bg6 {[%clk 01:05:13]} {[%emt 00:01:00]} 19.
Rxe8+ {[%clk 01:01:38]} {[%emt 00:12:23]} Nxe8 {[%clk 01:04:42]} {[%emt
00:01:00]} 20. Re1 {[%clk 01:01:39]} {[%emt 00:00:30]} Nc7 {[%clk 00:47:58]}
{[%emt 00:17:14]} 21. Nxg6 {[%clk 01:00:15]} {[%emt 00:01:54]} hxg6 {[%clk
00:46:08]} {[%emt 00:02:20]} 22. Bc4 {[%clk 00:59:33]} {[%emt 00:01:12]} Kf8
{[%clk 00:42:32]} {[%emt 00:04:07]} 23. Kf1 {[%clk 00:47:58]} {[%emt 00:12:04]}
Nd5 {[%clk 00:39:56]} {[%emt 00:03:06]} 24. Rd1 {[%clk 00:36:03]} {[%emt
00:12:25]} f6 {[%clk 00:30:06]} {[%emt 00:10:20]} 25. Bc1 {[%clk 00:32:42]}
{[%emt 00:03:51]} g5 {[%clk 00:27:56]} {[%emt 00:02:41]} 26. c3 {[%clk
00:26:16]} {[%emt 00:06:56]} Ke7 {[%clk 00:23:42]} {[%emt 00:04:44]} 27. cxd4
{[%clk 00:22:52]} {[%emt 00:03:53]} Nb6 {[%clk 00:22:12]} {[%emt 00:01:59]} 28.
Ba2 {[%clk 00:22:45]} {[%emt 00:00:37]} Nxd4 {[%clk 00:19:09]} {[%emt
00:03:34]} 29. Be3 {[%clk 00:22:20]} {[%emt 00:00:55]} Ne6 {[%clk 00:19:30]}
{[%emt 00:00:09]} 30. Rxd6 {[%clk 00:21:32]} {[%emt 00:01:18]} Kxd6 {[%clk
00:19:55]} {[%emt 00:00:05]} 31. Bxb6 {[%clk 00:21:18]} {[%emt 00:00:45]} axb6
{[%clk 00:20:12]} {[%emt 00:00:12]} 32. Bxe6 {[%clk 00:19:07]} {[%emt
00:02:41]} Kxe6 {[%clk 00:20:31]} {[%emt 00:00:11]} 33. Ke2 {[%clk 00:19:12]}
{[%emt 00:00:25]} Kd5 {[%clk 00:20:55]} {[%emt 00:00:06]} 34. Kd3 {[%clk
00:19:10]} {[%emt 00:00:33]} g4 {[%clk 00:16:44]} {[%emt 00:04:40]} 35. Kc3
{[%clk 00:14:31]} {[%emt 00:05:09]} Kc5 {[%clk 00:16:57]} {[%emt 00:00:17]}
1/2-1/2

[Event "DVM U20 2020"]
[Site "Willingen GER"]
[Date "2021.06.25"]
[Round "3"]
[White "Weller, Uli"]
[Black "Goldbeck, Lars"]
[Result "1-0"]
[Termination "normal"]
[Board "2.2"]
[BlackTitle "FM"]
[WhiteElo "2144"]
[BlackElo "2235"]
[WhiteClock "00:01:12"]
[BlackClock "00:00:42"]
[WhiteTeam "Schachfreunde Augsburg"]
[BlackTeam "SC Bavaria Regensburg von 1881 e.V."]
[PlyCount "115"]
[WhiteFideId "12971782"]
[BlackFideId "16208188"]
[EventCountry "GER"]
[EventRounds "7"]
[EventType "team-swiss"]
[EventDate "2021.06.23"]

1. e4 {[%clk 01:30:58]} {[%emt 00:00:01]} c5 {[%clk 01:30:52]} {[%emt
00:00:09]} 2. Nc3 {[%clk 01:30:20]} {[%emt 00:01:07]} Nc6 {[%clk 01:31:10]}
{[%emt 00:00:12]} 3. Nf3 {[%clk 01:22:16]} {[%emt 00:08:34]} e5 {[%clk
01:29:52]} {[%emt 00:01:49]} 4. Bc4 {[%clk 01:21:08]} {[%emt 00:01:37]} Be7
{[%clk 01:30:17]} {[%emt 00:00:05]} 5. d3 {[%clk 01:20:29]} {[%emt 00:01:09]}
Nf6 {[%clk 01:30:42]} {[%emt 00:00:05]} 6. Ng5 {[%emt 00:13:23]} O-O 7. f4
{[%clk 01:08:14]} exf4 {[%clk 01:29:26]} {[%emt 00:02:08]} 8. Bxf4 {[%clk
01:07:45]} {[%emt 00:00:58]} d6 {[%clk 01:29:42]} {[%emt 00:00:15]} 9. O-O
{[%clk 01:01:04]} {[%emt 00:07:11]} Na5 {[%clk 01:19:40]} {[%emt 00:10:33]} 10.
Qd2 {[%clk 00:56:32]} {[%emt 00:05:02]} Nxc4 {[%clk 01:09:52]} {[%emt
00:10:18]} 11. dxc4 {[%clk 00:56:19]} {[%emt 00:00:42]} h6 {[%clk 01:07:08]}
{[%emt 00:03:14]} 12. Nf3 {[%clk 00:56:32]} {[%emt 00:00:16]} Re8 {[%clk
01:04:38]} {[%emt 00:03:01]} 13. Rad1 {[%clk 00:55:31]} {[%emt 00:01:30]} Bg4
{[%clk 01:02:48]} {[%emt 00:02:21]} 14. b3 {[%clk 00:40:14]} {[%emt 00:15:47]}
Bf8 {[%clk 00:56:31]} {[%emt 00:06:48]} 15. Rfe1 {[%clk 00:33:07]} {[%emt
00:07:36]} Nh5 {[%clk 00:49:43]} {[%emt 00:07:18]} 16. Nd5 {[%clk 00:19:50]}
{[%emt 00:13:47]} Re6 {[%clk 00:47:53]} {[%emt 00:02:20]} 17. Qf2 {[%clk
00:12:56]} {[%emt 00:07:24]} Rg6 {[%clk 00:27:04]} {[%emt 00:21:19]} 18. Kh1
{[%clk 00:12:21]} {[%emt 00:01:04]} Nf6 {[%clk 00:17:04]} {[%emt 00:10:31]} 19.
h3 {[%clk 00:10:47]} {[%emt 00:02:04]} Nxd5 {[%clk 00:10:48]} {[%emt 00:06:46]}
20. Rxd5 {[%clk 00:10:26]} {[%emt 00:00:51]} Be6 {[%clk 00:10:40]} {[%emt
00:00:38]} 21. Rd3 {[%clk 00:10:07]} {[%emt 00:00:49]} Qa5 {[%clk 00:08:47]}
{[%emt 00:02:23]} 22. a4 {[%clk 00:10:18]} {[%emt 00:00:19]} Re8 {[%clk
00:08:23]} {[%emt 00:00:54]} 23. Bxd6 {[%clk 00:09:07]} {[%emt 00:01:41]} Bxh3
{[%clk 00:08:02]} {[%emt 00:00:51]} 24. gxh3 {[%clk 00:06:29]} {[%emt
00:03:07]} Rxd6 {[%clk 00:06:47]} {[%emt 00:01:47]} 25. Rd5 {[%clk 00:05:15]}
{[%emt 00:01:44]} Rf6 {[%clk 00:06:59]} {[%emt 00:00:17]} 26. Re3 {[%clk
00:04:47]} {[%emt 00:00:57]} Qc7 {[%clk 00:06:49]} {[%emt 00:00:41]} 27. e5
{[%clk 00:04:39]} {[%emt 00:00:38]} Rfe6 {[%clk 00:04:53]} {[%emt 00:02:26]}
28. Red3 {[%clk 00:04:20]} {[%emt 00:00:48]} Qc8 {[%clk 00:05:16]} {[%emt
00:00:08]} 29. Rd7 {[%clk 00:04:07]} {[%emt 00:00:43]} R6e7 {[%clk 00:05:21]}
{[%emt 00:00:26]} 30. Rxe7 {[%clk 00:02:47]} {[%emt 00:01:49]} Rxe7 {[%clk
00:05:50]} {[%emt 00:00:02]} 31. Kg2 {[%clk 00:02:43]} {[%emt 00:00:33]} Re6
{[%clk 00:05:40]} {[%emt 00:00:41]} 32. Qh4 {[%clk 00:02:27]} {[%emt 00:00:45]}
Be7 {[%clk 00:05:34]} {[%emt 00:00:35]} 33. Qe4 {[%clk 00:02:39]} {[%emt
00:00:18]} b6 {[%clk 00:03:49]} {[%emt 00:02:15]} 34. Kh2 {[%clk 00:02:53]}
{[%emt 00:00:17]} Bf8 {[%clk 00:02:47]} {[%emt 00:01:32]} 35. Qd5 {[%clk
00:03:04]} {[%emt 00:00:19]} Re7 {[%clk 00:01:12]} {[%emt 00:02:06]} 36. Qd8
{[%clk 00:01:47]} {[%emt 00:01:46]} Qe6 {[%clk 00:01:31]} {[%emt 00:00:10]} 37.
Qa8 {[%clk 00:01:55]} {[%emt 00:00:23]} Re8 {[%clk 00:00:39]} {[%emt 00:01:22]}
38. Qxa7 {[%clk 00:02:05]} {[%emt 00:00:20]} Qf5 {[%clk 00:00:44]} {[%emt
00:00:25]} 39. Qxb6 {[%clk 00:00:48]} {[%emt 00:01:47]} Qf4+ {[%clk 00:00:58]}
{[%emt 00:00:16]} 40. Kg2 {[%clk 00:00:39]} {[%emt 00:00:38]} Re6 {[%clk
00:01:19]} {[%emt 00:00:09]} 41. Qb7 {[%clk 00:22:48]} {[%emt 00:08:21]} Qc1
{[%clk 00:15:35]} {[%emt 00:16:15]} 42. Qe4 {[%clk 00:11:48]} {[%emt 00:11:29]}
Qxc2+ {[%clk 00:14:50]} {[%emt 00:01:16]} 43. Kg3 {[%clk 00:10:46]} {[%emt
00:01:31]} Rg6+ {[%clk 00:10:25]} {[%emt 00:04:55]} 44. Kf4 {[%clk 00:11:04]}
{[%emt 00:00:13]} Rg2 {[%clk 00:06:39]} {[%emt 00:04:15]} 45. e6 {[%clk
00:07:22]} {[%emt 00:04:12]} fxe6 {[%clk 00:03:39]} {[%emt 00:03:31]} 46. Qxe6+
{[%clk 00:07:23]} {[%emt 00:00:30]} Kh8 {[%clk 00:03:47]} {[%emt 00:00:21]} 47.
Qf5 {[%clk 00:04:49]} {[%emt 00:03:04]} g5+ {[%clk 00:02:02]} {[%emt 00:02:16]}
48. Ke5 {[%clk 00:02:00]} {[%emt 00:03:18]} Re2+ {[%clk 00:01:44]} {[%emt
00:00:47]} 49. Kd5 {[%clk 00:01:59]} {[%emt 00:00:31]} Re8 {[%clk 00:00:46]}
{[%emt 00:01:29]} 50. Kc6 {[%clk 00:00:58]} {[%emt 00:01:30]} Qe2 {[%clk
00:00:48]} {[%emt 00:00:29]} 51. Rd7 {[%clk 00:00:49]} {[%emt 00:00:39]} Bg7
{[%clk 00:01:03]} {[%emt 00:00:14]} 52. a5 {[%clk 00:00:35]} {[%emt 00:00:45]}
Rf8 {[%clk 00:01:19]} {[%emt 00:00:15]} 53. Qd5 {[%clk 00:00:35]} {[%emt
00:00:29]} Rxf3 {[%clk 00:00:37]} {[%emt 00:01:12]} 54. Rd8+ {[%clk 00:00:43]}
{[%emt 00:00:22]} Bf8 {[%clk 00:00:36]} {[%emt 00:00:31]} 55. a6 {[%clk
00:00:42]} {[%emt 00:00:32]} Rf6+ {[%clk 00:00:59]} {[%emt 00:00:07]} 56. Kb7
{[%clk 00:00:51]} {[%emt 00:00:21]} Qa2 {[%clk 00:00:42]} {[%emt 00:00:46]} 57.
a7 {[%clk 00:00:49]} {[%emt 00:00:32]} Qa6+ {[%clk 00:00:42]} {[%emt 00:00:30]}
58. Ka8 {[%clk 00:01:12]} {[%emt 00:00:07]} *

[Event "DVM U20 2020"]
[Site "Willingen GER"]
[Date "2021.06.25"]
[Round "3"]
[White "Oberhofer, Cédric"]
[Black "Wachtel, Arthur"]
[Result "1/2-1/2"]
[Termination "normal"]
[Board "2.3"]
[WhiteElo "2262"]
[BlackElo "1940"]
[WhiteClock "00:10:18"]
[BlackClock "00:52:15"]
[WhiteTeam "SC Bavaria Regensburg von 1881 e.V."]
[BlackTeam "Schachfreunde Augsburg"]
[PlyCount "94"]
[WhiteFideId "12941220"]
[BlackFideId "12988510"]
[EventCountry "GER"]
[EventRounds "7"]
[EventType "team-swiss"]
[EventDate "2021.06.23"]

1. e4 {[%clk 01:30:57]} {[%emt 00:00:02]} e6 {[%clk 01:30:48]} {[%emt
00:00:12]} 2. d4 {[%clk 01:31:12]} {[%emt 00:00:16]} d5 {[%clk 01:31:03]}
{[%emt 00:00:14]} 3. e5 {[%clk 01:31:34]} {[%emt 00:00:08]} c5 {[%clk
01:31:24]} {[%emt 00:00:08]} 4. c3 {[%clk 01:31:57]} {[%emt 00:00:07]} Nc6
{[%clk 01:31:49]} {[%emt 00:00:05]} 5. Nf3 {[%clk 01:32:21]} {[%emt 00:00:07]}
Nh6 {[%clk 01:32:10]} {[%emt 00:00:08]} 6. Bd3 {[%clk 01:25:50]} {[%emt
00:07:01]} f6 {[%clk 01:32:07]} {[%emt 00:00:34]} 7. Bxh6 {[%clk 01:19:33]}
{[%emt 00:06:47]} gxh6 {[%clk 01:32:30]} {[%emt 00:00:07]} 8. Nbd2 {[%clk
01:18:33]} {[%emt 00:01:29]} cxd4 {[%clk 01:32:54]} {[%emt 00:00:07]} 9. cxd4
{[%clk 01:18:38]} {[%emt 00:00:26]} Bg7 {[%clk 01:33:11]} {[%emt 00:00:12]} 10.
O-O {[%clk 01:12:44]} {[%emt 00:06:24]} O-O {[%clk 01:33:13]} {[%emt 00:00:28]}
11. exf6 {[%clk 01:06:15]} {[%emt 00:06:59]} Qxf6 {[%clk 01:33:02]} {[%emt
00:00:41]} 12. Nb3 {[%clk 01:06:30]} {[%emt 00:00:15]} Bd7 {[%clk 01:32:27]}
{[%emt 00:01:04]} 13. Nc5 {[%clk 01:00:21]} {[%emt 00:06:40]} Be8 {[%clk
01:31:30]} {[%emt 00:01:26]} 14. Qe2 {[%clk 00:56:16]} {[%emt 00:04:36]} Bh5
{[%clk 01:13:47]} {[%emt 00:18:13]} 15. Qxe6+ {[%clk 00:54:01]} {[%emt
00:02:45]} Qf7 {[%clk 01:11:45]} {[%emt 00:02:32]} 16. Ne5 {[%clk 00:47:27]}
{[%emt 00:07:05]} Nxe5 {[%clk 01:00:34]} {[%emt 00:11:41]} 17. dxe5 {[%clk
00:47:31]} {[%emt 00:00:25]} b6 {[%clk 01:00:06]} {[%emt 00:00:58]} 18. Qxf7+
{[%clk 00:47:46]} {[%emt 00:00:15]} Rxf7 {[%clk 01:00:09]} {[%emt 00:00:27]}
19. e6 {[%clk 00:44:30]} {[%emt 00:03:46]} Re7 {[%clk 01:00:13]} {[%emt
00:00:26]} 20. Na6 {[%clk 00:41:25]} {[%emt 00:03:35]} Rf8 {[%clk 00:55:14]}
{[%emt 00:05:29]} 21. Nb4 {[%clk 00:34:50]} {[%emt 00:07:04]} Rxe6 {[%clk
00:52:14]} {[%emt 00:03:31]} 22. Nxd5 {[%clk 00:34:33]} {[%emt 00:00:47]} Bxb2
{[%clk 00:51:56]} {[%emt 00:00:48]} 23. Rae1 {[%clk 00:34:15]} {[%emt
00:00:47]} Rd6 {[%clk 00:49:50]} {[%emt 00:02:36]} 24. Bc4 {[%clk 00:33:19]}
{[%emt 00:01:28]} Bf7 {[%clk 00:47:06]} {[%emt 00:03:12]} 25. Rd1 {[%clk
00:28:26]} {[%emt 00:05:24]} Rfd8 {[%clk 00:45:17]} {[%emt 00:02:18]} 26. Ne7+
{[%clk 00:25:37]} {[%emt 00:03:20]} Kf8 {[%clk 00:45:40]} {[%emt 00:00:07]} 27.
Rxd6 {[%clk 00:26:01]} {[%emt 00:00:07]} Rxd6 {[%clk 00:45:53]} {[%emt
00:00:17]} 28. Bxf7 {[%clk 00:26:26]} {[%emt 00:00:04]} Kxf7 {[%clk 00:44:50]}
{[%emt 00:01:33]} 29. Nf5 {[%clk 00:25:16]} {[%emt 00:01:40]} Rf6 {[%clk
00:44:08]} {[%emt 00:01:11]} 30. Ne3 {[%clk 00:20:02]} {[%emt 00:05:44]} Bd4
{[%clk 00:40:19]} {[%emt 00:04:20]} 31. Re1 {[%clk 00:19:22]} {[%emt 00:01:10]}
Bc5 {[%clk 00:39:23]} {[%emt 00:01:25]} 32. Kf1 {[%clk 00:16:26]} {[%emt
00:03:27]} a5 {[%clk 00:33:47]} {[%emt 00:06:06]} 33. Ke2 {[%clk 00:15:17]}
{[%emt 00:01:38]} Rf4 {[%clk 00:33:00]} {[%emt 00:01:17]} 34. Rd1 {[%clk
00:13:02]} {[%emt 00:02:46]} Ra4 {[%clk 00:32:36]} {[%emt 00:00:52]} 35. Rd2
{[%clk 00:13:19]} {[%emt 00:00:15]} Ke6 {[%clk 00:30:22]} {[%emt 00:02:44]} 36.
Nd5 {[%clk 00:08:20]} {[%emt 00:05:29]} Re4+ {[%clk 00:28:04]} {[%emt
00:02:48]} 37. Kf3 {[%clk 00:08:00]} {[%emt 00:00:50]} Rd4 {[%clk 00:25:59]}
{[%emt 00:02:33]} 38. Nf4+ {[%clk 00:06:38]} {[%emt 00:01:53]} Kd7 {[%clk
00:24:52]} {[%emt 00:01:35]} 39. Rxd4+ {[%clk 00:03:41]} {[%emt 00:03:30]} Bxd4
{[%clk 00:25:14]} {[%emt 00:00:08]} 40. Nd3 {[%clk 00:04:06]} {[%emt 00:00:05]}
Kc6 {[%clk 00:24:48]} {[%emt 00:00:55]} 41. Ke4 {[%clk 00:04:04]} {[%emt
00:00:33]} Bg7 {[%clk 00:24:41]} {[%emt 00:00:37]} 42. g4 {[%clk 00:25:30]}
{[%emt 00:09:04]} b5 {[%clk 00:53:56]} {[%emt 00:01:13]} 43. f4 {[%clk
00:19:49]} {[%emt 00:06:13]} b4 {[%clk 00:52:41]} {[%emt 00:01:45]} 44. h4
{[%clk 00:18:03]} {[%emt 00:02:16]} Kb5 {[%clk 00:52:30]} {[%emt 00:00:41]} 45.
Kd5 {[%clk 00:11:13]} {[%emt 00:07:20]} a4 {[%clk 00:52:22]} {[%emt 00:00:37]}
46. Nc5 {[%clk 00:09:51]} {[%emt 00:01:52]} Bf8 {[%clk 00:51:54]} {[%emt
00:00:58]} 47. Nd3 {[%clk 00:10:18]} {[%emt 00:00:04]} Bg7 {[%clk 00:52:15]}
{[%emt 00:00:09]} 1/2-1/2

[Event "DVM U20 2020"]
[Site "Willingen GER"]
[Date "2021.06.25"]
[Round "3"]
[White "Gubariev, Yakiv"]
[Black "Dechant, Georg"]
[Result "1/2-1/2"]
[Termination "normal"]
[Board "2.4"]
[WhiteElo "1925"]
[BlackElo "2022"]
[WhiteClock "00:17:06"]
[BlackClock "00:11:59"]
[WhiteTeam "Schachfreunde Augsburg"]
[BlackTeam "SC Bavaria Regensburg von 1881 e.V."]
[PlyCount "128"]
[WhiteFideId "16216938"]
[BlackFideId "12956716"]
[EventCountry "GER"]
[EventRounds "7"]
[EventType "team-swiss"]
[EventDate "2021.06.23"]

1. e4 {[%clk 01:30:57]} {[%emt 00:00:02]} c5 {[%clk 01:30:56]} {[%emt
00:00:05]} 2. Nf3 {[%clk 01:30:29]} {[%emt 00:00:58]} d6 {[%clk 01:31:19]}
{[%emt 00:00:06]} 3. d4 {[%clk 01:30:53]} {[%emt 00:00:06]} cxd4 {[%clk
01:31:46]} {[%emt 00:00:04]} 4. Nxd4 {[%clk 01:31:16]} {[%emt 00:00:07]} Nf6
{[%clk 01:32:11]} {[%emt 00:00:04]} 5. Nc3 {[%clk 01:31:18]} {[%emt 00:00:28]}
a6 {[%clk 01:32:37]} {[%emt 00:00:05]} 6. Be2 {[%clk 01:28:55]} {[%emt
00:02:53]} e5 {[%clk 01:31:54]} {[%emt 00:01:13]} 7. Nb3 {[%clk 01:29:09]}
{[%emt 00:00:17]} Be7 {[%clk 01:32:05]} {[%emt 00:00:17]} 8. O-O {[%clk
01:29:30]} {[%emt 00:00:09]} O-O {[%clk 01:32:23]} {[%emt 00:00:12]} 9. Re1
{[%clk 01:28:32]} {[%emt 00:01:30]} Be6 {[%clk 01:30:23]} {[%emt 00:02:29]} 10.
Bf3 {[%clk 01:19:42]} {[%emt 00:09:20]} Nbd7 {[%clk 01:28:01]} {[%emt
00:02:51]} 11. a4 {[%clk 01:19:40]} {[%emt 00:00:32]} Rc8 {[%clk 01:24:41]}
{[%emt 00:03:49]} 12. Nd2 {[%clk 01:18:29]} {[%emt 00:01:42]} Nb6 {[%clk
01:06:05]} {[%emt 00:19:07]} 13. Nf1 {[%clk 01:09:47]} {[%emt 00:09:12]} Qc7
{[%clk 01:01:48]} {[%emt 00:04:47]} 14. Ne3 {[%clk 01:03:07]} {[%emt 00:07:09]}
Rfd8 {[%clk 00:56:57]} {[%emt 00:05:21]} 15. a5 {[%clk 00:52:30]} {[%emt
00:11:08]} Nc4 {[%clk 00:56:50]} {[%emt 00:00:37]} 16. Ned5 {[%clk 00:52:32]}
{[%emt 00:00:28]} Nxd5 {[%clk 00:53:41]} {[%emt 00:03:39]} 17. Nxd5 {[%clk
00:52:59]} {[%emt 00:00:03]} Bxd5 {[%clk 00:53:09]} {[%emt 00:01:01]} 18. Qxd5
{[%clk 00:53:22]} {[%emt 00:00:08]} b5 {[%clk 00:52:57]} {[%emt 00:00:42]} 19.
axb6 {[%clk 00:48:52]} {[%emt 00:05:00]} Nxb6 {[%clk 00:52:43]} {[%emt
00:00:43]} 20. Qa5 {[%clk 00:48:54]} {[%emt 00:00:28]} Qc6 {[%clk 00:45:53]}
{[%emt 00:07:21]} 21. b3 {[%clk 00:39:27]} {[%emt 00:09:57]} Nd7 {[%clk
00:41:20]} {[%emt 00:05:01]} 22. Be3 {[%clk 00:30:51]} {[%emt 00:09:07]} Qxc2
{[%clk 00:32:44]} {[%emt 00:09:06]} 23. b4 {[%clk 00:28:15]} {[%emt 00:03:08]}
Rb8 {[%clk 00:26:49]} {[%emt 00:06:23]} 24. Qxa6 {[%clk 00:24:57]} {[%emt
00:03:48]} Rxb4 {[%clk 00:24:36]} {[%emt 00:02:43]} 25. Rec1 {[%clk 00:19:44]}
{[%emt 00:05:44]} Qb3 {[%clk 00:24:29]} {[%emt 00:00:37]} 26. Rc7 {[%clk
00:18:32]} {[%emt 00:01:42]} Qe6 {[%clk 00:13:18]} {[%emt 00:11:40]} 27. Qa7
{[%clk 00:15:57]} {[%emt 00:03:06]} Bf8 {[%clk 00:12:09]} {[%emt 00:01:39]} 28.
h3 {[%clk 00:10:03]} {[%emt 00:06:24]} Nf6 {[%clk 00:11:59]} {[%emt 00:00:39]}
29. Bd2 {[%clk 00:07:59]} {[%emt 00:02:35]} Rbb8 {[%clk 00:06:42]} {[%emt
00:05:46]} 30. Bg5 {[%clk 00:07:08]} {[%emt 00:01:21]} h6 {[%clk 00:02:57]}
{[%emt 00:04:15]} 31. Bg4 {[%clk 00:06:38]} {[%emt 00:01:00]} Nxg4 {[%clk
00:01:47]} {[%emt 00:01:40]} 32. Bxd8 {[%clk 00:07:07]} {[%emt 00:00:01]} Rxd8
{[%clk 00:02:10]} {[%emt 00:00:07]} 33. hxg4 {[%clk 00:07:33]} {[%emt
00:00:04]} Qxg4 {[%clk 00:02:19]} {[%emt 00:00:21]} 34. Rxf7 {[%clk 00:07:19]}
{[%emt 00:00:44]} Qxe4 {[%clk 00:02:30]} {[%emt 00:00:19]} 35. Qc7 {[%clk
00:05:45]} {[%emt 00:02:05]} Re8 {[%clk 00:02:03]} {[%emt 00:00:57]} 36. Ra7
{[%clk 00:05:07]} {[%emt 00:01:08]} Qg4 {[%clk 00:02:24]} {[%emt 00:00:08]} 37.
Rf3 {[%clk 00:03:52]} {[%emt 00:01:45]} Qg6 {[%clk 00:01:10]} {[%emt 00:01:44]}
38. Rg3 {[%clk 00:03:05]} {[%emt 00:01:17]} Qf6 {[%clk 00:01:03]} {[%emt
00:00:38]} 39. Qc4+ {[%clk 00:02:56]} {[%emt 00:00:38]} Qe6 {[%clk 00:01:27]}
{[%emt 00:00:06]} 40. Qh4 {[%clk 00:01:50]} {[%emt 00:01:36]} Re7 {[%clk
00:00:32]} {[%emt 00:01:25]} 41. Ra8 {[%clk 00:30:07]} {[%emt 00:02:13]} Rf7
{[%clk 00:29:26]} {[%emt 00:01:35]} 42. Qh5 {[%clk 00:25:16]} {[%emt 00:05:22]}
d5 {[%clk 00:23:08]} {[%emt 00:06:49]} 43. Rg6 {[%clk 00:16:12]} {[%emt
00:09:34]} Qf5 {[%clk 00:23:28]} {[%emt 00:00:10]} 44. Qxf5 {[%clk 00:16:26]}
{[%emt 00:00:16]} Rxf5 {[%clk 00:23:53]} {[%emt 00:00:05]} 45. Rd6 {[%clk
00:16:29]} {[%emt 00:00:26]} d4 {[%clk 00:23:31]} {[%emt 00:00:51]} 46. Rd7
{[%clk 00:16:25]} {[%emt 00:00:35]} Kh7 {[%clk 00:18:40]} {[%emt 00:05:21]} 47.
Re8 {[%clk 00:14:37]} {[%emt 00:02:18]} Bb4 {[%clk 00:18:12]} {[%emt 00:00:59]}
48. Rd5 {[%clk 00:14:52]} {[%emt 00:00:14]} Be1 {[%clk 00:18:36]} {[%emt
00:00:05]} 49. Rexe5 {[%clk 00:13:57]} {[%emt 00:01:26]} Bxf2+ {[%clk
00:18:59]} {[%emt 00:00:07]} 50. Kf1 {[%clk 00:14:11]} {[%emt 00:00:16]} Rf6
{[%clk 00:18:54]} {[%emt 00:00:34]} 51. Rf5 {[%clk 00:14:29]} {[%emt 00:00:13]}
Rxf5 {[%clk 00:19:11]} {[%emt 00:00:13]} 52. Rxf5 {[%clk 00:14:58]} {[%emt
00:00:01]} Be3 {[%clk 00:19:33]} {[%emt 00:00:08]} 53. Ke2 {[%clk 00:15:12]}
{[%emt 00:00:15]} Bg5 {[%clk 00:18:47]} {[%emt 00:01:16]} 54. Rd5 {[%clk
00:15:00]} {[%emt 00:00:43]} Bf6 {[%clk 00:19:09]} {[%emt 00:00:08]} 55. Kf3
{[%clk 00:15:21]} {[%emt 00:00:09]} Kg6 {[%clk 00:19:11]} {[%emt 00:00:27]} 56.
g4 {[%clk 00:15:38]} {[%emt 00:00:13]} Kf7 {[%clk 00:19:06]} {[%emt 00:00:36]}
57. Kf4 {[%clk 00:15:48]} {[%emt 00:00:20]} Ke6 {[%clk 00:15:58]} {[%emt
00:03:39]} 58. Ke4 {[%clk 00:15:53]} {[%emt 00:00:24]} Kf7 {[%clk 00:15:47]}
{[%emt 00:00:41]} 59. Rb5 {[%clk 00:15:55]} {[%emt 00:00:27]} Ke7 {[%clk
00:13:16]} {[%emt 00:03:02]} 60. Rd5 {[%clk 00:16:10]} {[%emt 00:00:15]} Ke6
{[%clk 00:12:46]} {[%emt 00:01:00]} 61. Rb5 {[%clk 00:16:21]} {[%emt 00:00:19]}
Kd6 {[%clk 00:12:30]} {[%emt 00:00:46]} 62. Rd5+ {[%clk 00:16:34]} {[%emt
00:00:17]} Kc6 {[%clk 00:12:22]} {[%emt 00:00:38]} 63. Rf5 {[%clk 00:16:45]}
{[%emt 00:00:18]} Kd6 {[%clk 00:11:59]} {[%emt 00:00:54]} 64. Rd5+ {[%clk
00:17:06]} {[%emt 00:00:09]} Ke5+ {[%emt 00:01:15]} 1/2-1/2